Manshū hōmai ni kansuru chōsa.

Saved in:
Bibliographic Details
Corporate Author: Minami Manshū Tetsudō Kabushiki Kaisha. Chōsaka.
Other Authors: Kumanomidō, Kenji, 1899-
Format: Book
Language:Japanese
Published: [Dairen] : Minami Manshū Tetsudō Kabushiki Kaisha Shomubu Chōsaka, [Shōwa 2 i.e. 1927]
Series:Panfuretto (Minami Manshū Tetsudō Kabushiki Kaisha. Chōsaka) ; dai 32-gō.
Subjects:
Tags: Add Tag
No Tags, Be the first to tag this record!
LEADER 01589nam a2200361 i 4500
001 007765933-3
005 20024617122053.0
008 971107s1927 cc 000 0 jpn
010 |a 70796254 /J 
035 0 |a ocm37904107 
040 |a DLC  |c WaU  |d *YNH*  |d CStRLIN 
050 0 0 |a SB191.M2  |b M48 
110 2 |6 880-01  |a Minami Manshū Tetsudō Kabushiki Kaisha.  |b Chōsaka. 
245 1 0 |6 880-02  |a Manshū hōmai ni kansuru chōsa. 
260 |6 880-03  |a [Dairen] :  |b Minami Manshū Tetsudō Kabushiki Kaisha Shomubu Chōsaka,  |c [Shōwa 2 i.e. 1927] 
300 |a 1, 4, 100 p. ;  |c 23 cm. 
490 1 |6 880-04  |a Its Panfuretto ;  |v dai 32-gō 
500 |a Cover title. 
500 |6 880-05  |a Hensha kain Kumanomidō Kenji. 
500 |6 880-06  |a In colophon: Hakkōjo Minami Manshū Tetsudō Kabushiki Kaisha. 
650 0 |a Corn  |z China  |z Manchuria. 
700 1 |6 880-07  |a Kumanomidō, Kenji,  |d 1899- 
880 2 |6 110-01  |a 南滿洲鐵道株式會社.  |b 調查課. 
880 1 0 |6 245-02  |a 滿洲包米に關する調查. 
880 |6 260-03  |a [大連] :  |b 南滿洲鐵道株式會社庶務部調查課,  |c [昭和2 i.e. 1927] 
880 1 |6 490-04  |a Its パンフレット ;  |v 第32號 
880 |6 500-05  |a 編者課員熊埜御堂健兒. 
880 |6 500-06  |a In colophon: 發行所南滿洲鐵道株式會社. 
880 1 |6 700-07  |a 熊埜御堂健兒,  |d 1899- 
830 0 |6 880-08  |a Panfuretto (Minami Manshū Tetsudō Kabushiki Kaisha. Chōsaka) ;  |v dai 32-gō. 
880 0 |6 830-08  |a パンフレット (Minami Manshū Tetsudō Kabushiki Kaisha. Chōsaka) ;  |v 第32號. 
988 |a 20021221 
906 |0 DLC